| 000 | 00696cab a2200217 4500 | ||
|---|---|---|---|
| 001 | ABS48312 | ||
| 008 | 090401t1993 xxu||||| |||| 00| 0 eng d | ||
| 035 | _a(Sirsi) u66123 | ||
| 041 | _aeng | ||
| 100 | _aBorkowski, C. | ||
| 245 | _aFall and rise of the retail property department | ||
| 260 | _c1993 | ||
| 350 | _a0 | ||
| 490 |
_aEstates Gazette _v(9310) 13 March 1993, 108-109(2) |
||
| 520 | _aConsiders how the retail property team will need to change if business is to remain successful in the current economic climate. | ||
| 650 | _a5 YEAR RENT REVIEWS | ||
| 650 | _aRETAIL | ||
| 690 | _aMANAGEMENT-BUSINESS MANAGEMENT-PROFESSIONAL PRACTICE | ||
| 942 | _n0 | ||
| 948 | _c04/03/1997 | ||
| 999 |
_c41329 _d41329 |
||